LEADER 01309nam 2200445 450 001 9910494562203321 005 20220511115551.0 010 $a981-16-3501-3 035 $a(CKB)5590000000549855 035 $a(MiAaPQ)EBC6709247 035 $a(Au-PeEL)EBL6709247 035 $a(OCoLC)1264457737 035 $a(PPN)257356967 035 $a(EXLCZ)995590000000549855 100 $a20220511d2021 uy 0 101 0 $aeng 135 $aurcnu|||||||| 181 $ctxt$2rdacontent 182 $cc$2rdamedia 183 $acr$2rdacarrier 200 10$aComputer vision based identification and mosaic of gramineous grass seeds /$fXin Pan [and five others] 210 1$aSingapore :$cSpringer,$d[2021] 210 4$dİ2021 215 $a1 online resource (132 pages) 311 $a981-16-3500-5 606 $aGrasses$vIdentification 606 $aComputer vision 606 $aPattern recognition systems 615 0$aGrasses 615 0$aComputer vision. 615 0$aPattern recognition systems. 676 $a584.44 700 $aPan$b Xin$01072784 801 0$bMiAaPQ 801 1$bMiAaPQ 801 2$bMiAaPQ 906 $aBOOK 912 $a9910494562203321 996 $aComputer Vision Based Identification and Mosaic of Gramineous Grass Seeds$92569007 997 $aUNINA